LEADER 01332nam a2200289 u 4500 001 000000109689 003 CaOOAMICUS 005 20080212142548.0 008 080212s1998 it u000 u ita u 020 $a88-87016-51-8 040 $aPUL(R)$bita$dBc 100 1 $aToniolo, Ermanno M.,$cO.S.M.$0(OLS)http://pul/name/2378 245 10$aBibliografia mariana :$b1990-1993 /$cErmanno M. Toniolo. 260 $aRoma :$bMarianum,$c1998. 300 $axvi, 635 p. ;$c24 cm. 490 1 $aScripta Pontificiae Facultatis Theologicae "Marianum".$aNova series ;$v53 (Nova series, 25) 500 $aContiene indici. 600 04$aMaria Virgo,$cs.$xBibliografia.$0(OLS)http://pul/subject/6946 710 2 $aPontificia Facoltą teologica "Marianum".$0(OLS)http://pul/name/66 830 0$aScripta Pontificiae Facultatis Theologicae "Marianum".$pNova series ;$v53 (Nova series, 25).$0(OLS)http://pul/title/9545 850 $aPUL 852 $aPUL$W1$xSL Cons. Gen., Altre Classi 1$y1$m2022 B 3$j125531$av. IX$qStampati$B124259$CPULBib$Z2$F124259 $H79688 $82 910 $aMarianum$966 941 1 $a8 996 $6020$a88-87016-51-8$9(OLS)http://pul/number/137060 996 $6245$aBibliografia mariana :$b1990-1993$9(OLS)http://pul/title/137974 996 $6260$aRoma :$bMarianum$9(OLS)http://pul/publisher/51919 LEADER 01305nam a2200301 a 4500 001 000000123964 003 CaOOAMICUS 005 20101215141716.0 008 101215t2010 it u000 u ita r 020 $a978-88-430-5531-9 040 $aPUL$bita 082 04$a791.45 245 00$aTV a nudo :$bstereotipi, valori ed intrattenimento televisivo /$ca cura di Elisabetta Ruspini. 260 $aRoma :$bCarocci,$c©2010. 300 $a127 p. ;$c22 cm 490 1 $aBiblioteca di testi e studi. Sociologia ;$v575 504 $aInclude riferimenti bibliografici. 650 4$aTelevisione$xSociologia.$0(OLS)http://pul/subject/12184 700 1 $aRuspini, Elisabetta.$0(OLS)http://pul/name/78186 830 0$aBiblioteca di testi e studi. Sociologia ;$v575.$0(OLS)http://pul/title/131512 850 $aPUL 852 $aPUL$W1$xSL Cons. Gen., Altre Classi 3$y75$m791. 45 RUSEL 1$j142834$qDDC 21$B141778$CPULBib$Z2$F141778 $H115353 $82 941 1 $a9 996 $6020$a978-88-430-5531-9$9(OLS)http://pul/number/146127 996 $6082$a791.45$9(OLS)http://pul/classification/1801 996 $6245$aTV a nudo :$bstereotipi, valori ed intrattenimento televisivo$9(OLS)http://pul/title/156278 996 $6260$aRoma :$bCarocci$9(OLS)http://pul/publisher/66917